00682nam a2200229Ia 4500003000900000008004100009040001300050040001300063041000800076100001900084245002900103250001200132260002800144260000900172300001100181300001200192490000600204600001900210942000700229999001700236952019900253IT-RoPAU120407s9999 xx 000 0 und d aIT-RoPAU cIT-RoPAU aita aGiovanni Rossi aUomini incontro a Cristo aAssisi  aPro Civitate Christiana c1962 a390 p. c19,5 cm v1 a1. Conversioni cBK c33923d33923 00102ddc406269_13000000000000071aPAULUSbPAULUSd2012-04-11l0o269.13r2012-04-11 00:00:00w2012-04-11yBKzInserito da: Mario In data: 02 settembre 2011 fondo: Via A.Severo 56 Progr:36353